Quiz circuits de Formule 1 - Niveau Difficile - Statistiques

Statistiques générales
  • Ce quiz a été pris 69 fois
  • Le résultat moyen est 6 sur 10
Statistiques - réponses
Question Réponse % Correct
Sur quel circuit la légende brésilienne Ayrton Senna a trouvé la mort en 1994 ? Autodromo Enzo e Dino Ferrari (Italie)
98%
Pour quel pilote canadien tué lors d'un Grand Prix en 1982 le circuit de Montréal accueillant le GP de Canada porte-t'il le nom ? Gilles Villeneuve
81%
En 2025, lors du Grand Prix de Monaco, quel règle a été appliquée exceptionnellement pour ce GP ? Faire au moins 2 arrêts au stand
75%
Laquelle de ces images correspond au circuit de Shanghai, ayant accueilli le 1000ème GP de l'histoire de la Formule 1 ?
71%
Lequel de ces circuits n'a JAMAIS accueilli la Formule 1 APRÈS 2000 ? Aïda International Circuit (Japon)
63%
Quel est l'altitude de l'Autodromo Hermanos Rodriguez, à Mexico City, au Mexique, à savoir le circuit situé le plus haut en altitude au monde ? 2238m
60%
Sur quel circuit a t'on eu droit à voir le très célèbre dépassement de Mika Hakkinen sur Michael Schumacher en 1998 ? Circuit de Spa-Francorchamps (Belgique)
56%
Combien de virages compte le circuit de Djeddah, en Arabie Saoudite ? 27
46%
Quelle est la longueur du circuit de Pescara, un circuit ayant accueilli le Grand Prix de Pescara en Italie en 1957, le plus long que la Formule 1 n'ait jamais connu ? 25,579km
19%
Lequel de ces circuits a connu plusieurs grands prix en Formule 1 ? (Tous les autres n'ont accueilli la Formule 1 qu'une seule fois) Nivelles (Belgique)
19%
Aucun quiz correspondant
Distribution des résultats
% des personnes avec chaque résultat
Percentile par nombre de réponses
Votre historique - résultats
Vous n’avez pas pris ce quiz